Les Meilleurs buteurs de la Ligue 1 2010-2011 - Statistiques

Statistiques générales
  • Ce quiz a été pris 38 fois
  • Le résultat moyen est 5 sur 10
Statistiques - réponses
Buts Nationalité Club Joueur % Correct
17 Argentine Olympique lyonnais Lisandro López
89%
14 Brésil Paris Saint-Germain Nenê
89%
25 Sénégal LOSC Lille Moussa Sow
71%
15 d'Ivoire Lille OSC Gervinho
63%
22 France FC Lorient Kevin Gameiro
63%
16 France Olympique de Marseille Loïc Rémy
40%
17 France Valenciennes FC Grégory Pujol
14%
17 Maroc SM Caen Youssef El-Arabi
14%
15 Nigéria FC Sochaux-Montbéliard Brown Ideye
9%
15 Mali FC Sochaux-Montbéliard Modibo Maïga
9%
Aucun quiz correspondant
Distribution des résultats
% des personnes avec chaque résultat
Percentile par nombre de réponses
Votre historique - résultats
Vous n’avez pas pris ce quiz